000 00837nam a2200265Ia 4500
003 GCL
008 140319s9999 xx 000 0 ara d
020 _a3284215977
040 _aGCL /
_cGCL
082 0 4 _a214
_bع د
100 1 _aعبدالله شحاتة
245 1 0 _aالدين والمجتمع /
_cعبدالله شحاتة
250 _aالاولى
260 _aالقاهرة :
_bدار غريب للطباعة والنشر والتوزيع
300 _a194 ص ؛
_c24 سم
490 _a
650 0 4 _aالاسلام
650 0 4 _aالاسلام والمجتمع
650 0 4 _aالاقتصاد الاسلامى
650 0 4 _aالثقافة الاسلامية
650 0 4 _aالاسلام والاصلاح الدينى
650 0 4 _aالدعوة والدعاة
650 0 4 _aالطهارة
942 _2ddc
_cBK
999 _c4942
_d4942